000 00501nam a22002177a 4500
003 UA-OsUOA
001 35951
007 ta
008 20060703b un ||||| |||| 00| 0 ukr d
090 _a030
942 _cBK
040 _aUA-OsUOA
_beng
_cUA-OsUOA
_dUA-OsUOA
245 _aUkraine a concise enceclopedia
300 _a337 с.
955 _a1
041 _aeng
080 _a030
260 _aClifton
_c1988
650 7 _a030 Загальні довідкові праці
_2UDC
999 _c424291
_d424291